[Event "DVM U20w 2014"]
[Site "Naumburg (Saale) GER"]
[Date "2014.12.30"]
[Round "7"]
[White "Halas, Lena"]
[Black "Düssler, Stefanie"]
[Result "0-1"]
[Termination "normal"]
[Board "1.1"]
[WhiteElo "1656"]
[BlackElo "2094"]
[WhiteClock "00:27:27"]
[BlackClock "01:06:40"]
[WhiteTeam "USG Chemnitz"]
[BlackTeam "SK Lehrte"]
[PlyCount "96"]
[WhiteFideId "12931799"]
[BlackFideId "4634780"]
[EventCountry "GER"]
[EventRounds "7"]
[EventType "team-swiss"]
[EventDate "2014.12.26"]

1. e4 c5 2. Nf3 e6 3. d4 cxd4 4. Nxd4 Nc6 5. Nc3 Qc7 6. Be2 a6 7. Be3 Nf6 8. a3
Be7 9. O-O O-O 10. Kh1 d6 11. f4 Nxd4 12. Qxd4 e5 13. Qd2 exf4 14. Bxf4 Be6 15.
Rae1 Rac8 16. Bd3 Nd7 17. Nd5 Bxd5 18. exd5 Bf6 19. c3 Ne5 20. Bf5 Rb8 21. Qf2
g6 22. Bb1 Bg7 23. Bg5 f5 24. h4 h5 25. Qf4 Kh7 26. Qb4 Rf7 27. Be3 b5 28. Bf4
Qc4 29. Qxd6 Re8 30. Bxe5 Bxe5 31. Qb4 Qxd5 32. Rd1 Qe6 33. Rfe1 Qf6 34. Ba2
Rfe7 35. Bd5 f4 36. Rf1 Qxh4+ 37. Kg1 Bb8 38. Bc6 Ba7+ 39. Rd4 Bxd4+ 40. Qxd4
Rf8 41. Bf3 Qf6 42. Qd3 Re3 43. Qd7+ Rf7 44. Qd5 Rfe7 45. Bxh5 gxh5 46. Qxh5+
Kg8 47. Qg4+ Rg7 48. Qc8+ Kh7 0-1

[Event "DVM U20w 2014"]
[Site "Naumburg (Saale) GER"]
[Date "2014.12.30"]
[Round "7"]
[White "Schulze, Lara"]
[Black "Kluge, Leyla"]
[Result "1/2-1/2"]
[Termination "normal"]
[Board "1.2"]
[WhiteElo "1662"]
[BlackElo "1625"]
[WhiteClock "00:25:29"]
[BlackClock "00:25:26"]
[WhiteTeam "SK Lehrte"]
[BlackTeam "USG Chemnitz"]
[PlyCount "91"]
[WhiteFideId "12956830"]
[BlackFideId "12918172"]
[EventCountry "GER"]
[EventRounds "7"]
[EventType "team-swiss"]
[EventDate "2014.12.26"]

1. d4 g6 2. c4 d5 3. cxd5 Qxd5 4. Nc3 Qd8 5. e4 Bg7 6. Be3 Nf6 7. h3 b6 8. Nf3
Bb7 9. Qc2 O-O 10. Bc4 Na6 11. O-O Nb4 12. Qb3 Nc6 13. Qc2 Nb4 14. Qa4 a5 15.
a3 Na6 16. Qc2 c6 17. Rfd1 b5 18. Be2 b4 19. Na4 Qc7 20. Rac1 Rfc8 21. Nd2 Nd7
22. Bg4 e6 23. e5 c5 24. dxc5 Bxe5 25. Nc4 f5 26. Be2 Be4 27. Rxd7 Bh2+ 28. Kh1
Qxd7 29. Nab6 Qb7 30. Qb3 Nxc5 31. Bxc5 Rxc5 32. f3 Bf4 33. Rf1 Bd5 34. Nxa8
Qxa8 35. axb4 Rb5 36. Ra1 Rxb4 37. Qc3 Qc6 38. Nxa5 Qxc3 39. bxc3 Rb2 40. Bd3
Rd2 41. Bb5 Be5 42. Rc1 Ra2 43. Nc6 Bf4 44. Rd1 Rc2 45. c4 Bxc4 46. Nd4 1/2-1/2

[Event "DVM U20w 2014"]
[Site "Naumburg (Saale) GER"]
[Date "2014.12.30"]
[Round "7"]
[White "Oltmanns, Bianca"]
[Black "Böhm, Jana"]
[Result "1/2-1/2"]
[Termination "normal"]
[Board "1.3"]
[WhiteElo "1746"]
[BlackElo "1827"]
[WhiteClock "00:18:28"]
[BlackClock "00:22:29"]
[WhiteTeam "USG Chemnitz"]
[BlackTeam "SK Lehrte"]
[PlyCount "84"]
[WhiteFideId "24698008"]
[BlackFideId "24661589"]
[EventCountry "GER"]
[EventRounds "7"]
[EventType "team-swiss"]
[EventDate "2014.12.26"]

1. e4 e6 2. d4 d5 3. Nd2 Nf6 4. e5 Nfd7 5. Bd3 c5 6. c3 Nc6 7. Ne2 cxd4 8. cxd4
f6 9. exf6 Nxf6 10. O-O Bd6 11. Nf3 Qc7 12. Nc3 a6 13. Re1 O-O 14. Bb1 Bd7 15.
Bg5 Rae8 16. Bh4 Kh8 17. Qd3 Nb4 18. Qe2 Nh5 19. a3 Nc6 20. Qc2 g6 21. Qd2 Rf7
22. Bg3 Nxg3 23. hxg3 Bf8 24. Kh2 Bg7 25. Ba2 Ref8 26. Ne2 Qb6 27. Rad1 Ne7 28.
Nc3 Nc8 29. Re2 Nd6 30. a4 Qb4 31. b3 Qb6 32. Ng5 Rf6 33. Nf3 Rf5 34. Kg1 Qd8
35. Bb1 R5f7 36. Ne5 Re7 37. Bxg6 Bxe5 38. dxe5 hxg6 39. exd6 Rg7 40. Rc1 Bc8
41. Qd4 Qxd6 42. Ne4 Qd8 1/2-1/2

[Event "DVM U20w 2014"]
[Site "Naumburg (Saale) GER"]
[Date "2014.12.30"]
[Round "7"]
[White "Manusina, Nicole"]
[Black "Schwendel, Marleen"]
[Result "1-0"]
[Termination "normal"]
[Board "1.4"]
[WhiteElo "1869"]
[BlackElo "938"]
[WhiteClock "00:32:16"]
[BlackClock "00:11:45"]
[WhiteTeam "SK Lehrte"]
[BlackTeam "USG Chemnitz"]
[PlyCount "85"]
[WhiteFideId "24657514"]
[BlackFideId "16200357"]
[EventCountry "GER"]
[EventRounds "7"]
[EventType "team-swiss"]
[EventDate "2014.12.26"]

1. d4 d5 2. c4 c6 3. Nc3 Nf6 4. Nf3 Bf5 5. Qb3 b6 6. e3 e6 7. Be2 Bd6 8. O-O
O-O 9. Bd2 Ne4 10. Rfd1 Nd7 11. Be1 Ndf6 12. Nxe4 Nxe4 13. Rac1 Qf6 14. Nd2
Nxd2 15. Rxd2 Rac8 16. Bd3 Bxd3 17. Qxd3 c5 18. cxd5 exd5 19. dxc5 bxc5 20.
Qxd5 Rfd8 21. Qc4 Be7 22. Rxd8+ Rxd8 23. Bc3 Qd6 24. h3 Bf6 25. Bxf6 Qxf6 26.
Qxc5 h6 27. Qc3 Qe6 28. a3 Rb8 29. b4 a6 30. Qc6 Qxc6 31. Rxc6 Ra8 32. Kf1 Kf8
33. Ke2 Ke7 34. Rc7+ Kf8 35. Kd3 f6 36. Ke4 a5 37. b5 Re8+ 38. Kd4 Rd8+ 39. Kc5
Rd2 40. b6 Rxf2 41. b7 Kg8 42. b8=Q+ Kh7 43. Rxg7+ 1-0

[Event "DVM U20w 2014"]
[Site "Naumburg (Saale) GER"]
[Date "2014.12.30"]
[Round "7"]
[White "Spangenberg, Romy"]
[Black "Peters, Theresa"]
[Result "1-0"]
[Termination "normal"]
[Board "2.1"]
[WhiteElo "1806"]
[BlackElo "1616"]
[WhiteClock "00:15:50"]
[BlackClock "00:29:48"]
[WhiteTeam "Chemnitzer SC Aufbau`95"]
[BlackTeam "SV 1919 Grimma"]
[PlyCount "107"]
[WhiteFideId "4627997"]
[BlackFideId "12952192"]
[EventCountry "GER"]
[EventRounds "7"]
[EventType "team-swiss"]
[EventDate "2014.12.26"]

1. e4 c5 2. Nf3 a6 3. c3 e6 4. d4 d5 5. exd5 Qxd5 6. Be2 Nc6 7. O-O cxd4 8.
cxd4 Nf6 9. Nc3 Qd8 10. Be3 Bd6 11. Kh1 Qa5 12. Qb3 Ne7 13. Rfd1 Bd7 14. Qxb7
O-O 15. Qb3 Rfc8 16. Rdc1 Rab8 17. Qc2 Ned5 18. Bd2 Qc7 19. Qd1 Qb6 20. Nxd5
Nxd5 21. Rxc8+ Bxc8 22. b3 Ba3 23. Bc1 Bb4 24. Bb2 Nc3 25. Qc2 Nxe2 26. Qxe2
Bb7 27. Ne5 Rc8 28. Nc4 Qb5 29. Qg4 Bd5 30. Ne3 h6 31. Nxd5 Qxd5 32. Rc1 Rxc1+
33. Bxc1 Qc6 34. Qd1 Qc3 35. a3 Be7 36. b4 Qa1 37. f4 Bf6 38. Qg1 Bxd4 39. Be3
Qxg1+ 40. Bxg1 Bf6 41. Bc5 Bd8 42. a4 Bc7 43. g3 f6 44. Kg2 Kf7 45. Kf3 g5 46.
b5 axb5 47. axb5 Ke8 48. h4 gxf4 49. gxf4 Bb8 50. h5 Kf7 51. Ke4 f5+ 52. Kf3
Ke8 53. Bd4 Kf7 54. b6 1-0

[Event "DVM U20w 2014"]
[Site "Naumburg (Saale) GER"]
[Date "2014.12.30"]
[Round "7"]
[White "Neumann, Isabel"]
[Black "Nitzsche, Pia"]
[Result "0-1"]
[Termination "normal"]
[Board "2.2"]
[WhiteElo "1626"]
[BlackElo "1702"]
[WhiteClock "00:42:23"]
[BlackClock "00:15:41"]
[WhiteTeam "SV 1919 Grimma"]
[BlackTeam "Chemnitzer SC Aufbau`95"]
[PlyCount "98"]
[WhiteFideId "12964468"]
[BlackFideId "12900370"]
[EventCountry "GER"]
[EventRounds "7"]
[EventType "team-swiss"]
[EventDate "2014.12.26"]

1. d4 Nf6 2. c4 g6 3. g3 Bg7 4. Bg2 O-O 5. e4 d6 6. Nc3 Nbd7 7. Nge2 e5 8. O-O
Ne8 9. Be3 f5 10. f4 exf4 11. Nxf4 Ndf6 12. h3 Nxe4 13. Nxe4 fxe4 14. Bxe4 c6
15. Bg2 Nf6 16. Qb3 Re8 17. Kh2 Qc7 18. Rae1 Bd7 19. d5 c5 20. Bd2 Bh8 21. Qf3
Rxe1 22. Bxe1 Bf5 23. Bc3 Re8 24. Bxf6 Bxf6 25. g4 Be4 26. Qe2 Qe7 27. Qxe4
Qxe4 28. Bxe4 Rxe4 29. Ne6 Be7 30. Rf2 Rxc4 31. Rd2 a6 32. Kg3 b5 33. Nc7 Ra4
34. b3 Ra3 35. Kg2 c4 36. bxc4 bxc4 37. Rc2 c3 38. Kf3 Bf6 39. Ke4 Ra4+ 40. Kf3
Kf7 41. Ke3 Ke7 42. Kf3 Kd7 43. Ne6 Rb4 44. Nf4 Rb2 45. Re2 c2 46. Nd3 Bg5 47.
Kg3 c1=Q 48. Nxb2 Qf1 49. Re6 Bf4+ 0-1

[Event "DVM U20w 2014"]
[Site "Naumburg (Saale) GER"]
[Date "2014.12.30"]
[Round "7"]
[White "Hartewig, Anja"]
[Black "Könze, Heike"]
[Result "0-1"]
[Termination "normal"]
[Board "2.3"]
[WhiteElo "1806"]
[BlackElo "1561"]
[WhiteTeam "Chemnitzer SC Aufbau`95"]
[BlackTeam "SV 1919 Grimma"]
[PlyCount "152"]
[WhiteFideId "12917966"]
[BlackFideId "12964476"]
[EventCountry "GER"]
[EventRounds "7"]
[EventType "team-swiss"]
[EventDate "2014.12.26"]

1. d4 e6 2. c4 Nf6 3. Nf3 b6 4. g3 Bb7 5. Bg2 d5 6. O-O Be7 7. Nbd2 Nbd7 8. b3
c5 9. Bb2 O-O 10. Rc1 Rc8 11. Re1 Re8 12. cxd5 exd5 13. dxc5 bxc5 14. Ne5 Nxe5
15. Bxe5 Bd6 16. Bb2 Be5 17. Ba3 Qa5 18. Nb1 Rc7 19. Qd2 Qxd2 20. Nxd2 Bd6 21.
Rc2 Bf8 22. Nf3 Ba6 23. e3 Bd3 24. Rc3 Be4 25. Rec1 Rec8 26. Kf1 c4 27. Bxf8
Kxf8 28. Nd2 Bd3+ 29. Ke1 Rc5 30. bxc4 dxc4 31. Bf1 Nd5 32. Ra3 Bxf1 33. Kxf1
R5c7 34. Ne4 c3 35. Nd6 Rb8 36. Ra5 Nb4 37. Nb5 Rc5 38. Rxc3 Rcxb5 39. Rxa7 Nd5
40. Rd3 Rb1+ 41. Kg2 Nf6 42. Rc3 R1b7 43. Ra5 Ne4 44. Rc4 Nd6 45. Rh4 h6 46.
Rd4 Nb5 47. Rc4 Ra7 48. Rca4 Rxa5 49. Rxa5 g6 50. a4 Nc3 51. Ra7 Rb4 52. Ra8+
Kg7 53. a5 Ra4 54. Kf3 Nd5 55. g4 Ne7 56. h4 Nc6 57. Ra6 Nxa5 58. h5 gxh5 59.
gxh5 Ra1 60. Kg2 Nb3 61. Rb6 Nc5 62. Rb5 Ne6 63. f4 Rc1 64. Kf3 Rc5 65. Rxc5
Nxc5 66. e4 Kf6 67. Ke3 Ke6 68. Kd4 Nd7 69. f5+ Kf6 70. Kd5 Ne5 71. Kd6 Ng4 72.
Kd5 Ne3+ 73. Kd6 Nxf5+ 74. exf5 Kxf5 75. Ke7 f6 76. Kf7 Kg5 0-1

[Event "DVM U20w 2014"]
[Site "Naumburg (Saale) GER"]
[Date "2014.12.30"]
[Round "7"]
[White "Hagenbeck-Hübert, Lara"]
[Black "Fischer, Franziska"]
[Result "1-0"]
[Termination "normal"]
[Board "2.4"]
[WhiteElo "1512"]
[BlackElo "1764"]
[WhiteTeam "SV 1919 Grimma"]
[BlackTeam "Chemnitzer SC Aufbau`95"]
[PlyCount "79"]
[WhiteFideId "12964484"]
[BlackFideId "12924199"]
[EventCountry "GER"]
[EventRounds "7"]
[EventType "team-swiss"]
[EventDate "2014.12.26"]

1. d4 d5 2. Nf3 Nf6 3. Bf4 e6 4. e3 c5 5. c3 Nc6 6. Bd3 c4 7. Bc2 Bd6 8. Bg3
O-O 9. Nbd2 Qc7 10. O-O b5 11. e4 Bxg3 12. hxg3 e5 13. exd5 Nxd5 14. dxe5 Nxe5
15. Nxe5 Qxe5 16. Nf3 Qd6 17. Be4 Rd8 18. Re1 Rb8 19. Bxd5 Bf5 20. Re5 Bg4 21.
Qd4 Bxf3 22. gxf3 Qf6 23. Rd1 h6 24. Re3 Qa6 25. Re7 Rf8 26. Rxa7 Qg6 27. Qe4
Qf6 28. Bc6 Rb6 29. Bd5 Rbb8 30. Kg2 Kh8 31. Qd4 Qg6 32. Be4 Qe6 33. Qd5 Qf6
34. Qf5 Qxf5 35. Bxf5 g6 36. Be4 f5 37. Rdd7 Rfe8 38. Rh7+ Kg8 39. Bd5+ Kf8 40.
Rh8# 1-0

[Event "DVM U20w 2014"]
[Site "Naumburg (Saale) GER"]
[Date "2014.12.30"]
[Round "7"]
[White "Kuckling, Hannah"]
[Black "Wiesner, Paula"]
[Result "0-1"]
[Termination "normal"]
[Board "3.1"]
[WhiteElo "1950"]
[BlackElo "1902"]
[WhiteTeam "SK Blauer Springer Paderborn"]
[BlackTeam "Karlsruher SF 1853"]
[PlyCount "94"]
[WhiteFideId "24603660"]
[BlackFideId "24654019"]
[EventCountry "GER"]
[EventRounds "7"]
[EventType "team-swiss"]
[EventDate "2014.12.26"]

1. e4 e6 2. d4 d5 3. Nd2 Nf6 4. e5 Nfd7 5. Bd3 c5 6. c3 Nc6 7. Ne2 cxd4 8. cxd4
f6 9. exf6 Nxf6 10. Nf3 Bd6 11. O-O Qc7 12. Bg5 O-O 13. Bh4 Bd7 14. Bg3 Rae8
15. Rc1 Ng4 16. Bxd6 Qxd6 17. Ng3 e5 18. dxe5 Ncxe5 19. Nxe5 Rxe5 20. Qc2 Qh6
21. h3 Nxf2 22. Qc5 Rf6 23. Rxf2 Rxf2 24. Kxf2 Qf4+ 25. Kg1 Qxg3 26. Qc3 Re3
27. Qc7 Re1+ 28. Bf1 Qxc7 29. Rxc7 Bb5 30. Rxb7 Rxf1+ 31. Kh2 a6 32. b3 d4 33.
a4 Be2 34. Rd7 d3 35. Kg3 Rb1 36. Kf2 Rxb3 37. Rd6 Rb1 38. Ke3 Rg1 39. Kf2 Rf1+
40. Ke3 Rf6 41. Rd7 Rg6 42. Kf2 Kf8 43. g4 Ke8 44. Rd4 Ke7 45. Ke1 Rd6 46. Re4+
Re6 47. Rd4 Bxg4+ 0-1

[Event "DVM U20w 2014"]
[Site "Naumburg (Saale) GER"]
[Date "2014.12.30"]
[Round "7"]
[White "Mangei, Jasmin"]
[Black "Gatzke, Carolin"]
[Result "1-0"]
[Termination "normal"]
[Board "3.2"]
[WhiteElo "1804"]
[BlackElo "1695"]
[WhiteTeam "Karlsruher SF 1853"]
[BlackTeam "SK Blauer Springer Paderborn"]
[PlyCount "109"]
[WhiteFideId "12951803"]
[BlackFideId "12943746"]
[EventCountry "GER"]
[EventRounds "7"]
[EventType "team-swiss"]
[EventDate "2014.12.26"]

1. e4 c5 2. Nf3 e6 3. c3 d5 4. e5 Nc6 5. d4 Qb6 6. a3 Nge7 7. b4 c4 8. Be2 Ng6
9. Be3 Be7 10. Nbd2 Qc7 11. O-O O-O 12. Ne1 Nh4 13. f4 Nf5 14. Bf2 Bh4 15. g3
Bd8 16. Ng2 f6 17. Qc2 Bd7 18. g4 Nh6 19. Bg3 fxe5 20. dxe5 Qb6+ 21. Bf2 Qc7
22. h3 Be8 23. Nf3 Bg6 24. Qd2 Be7 25. Be3 Rad8 26. Nfh4 Be4 27. Rf2 g5 28.
fxg5 Rxf2 29. Bxf2 Nf7 30. Be3 Nfxe5 31. Rf1 Rf8 32. Rxf8+ Bxf8 33. Nf4 Qe7 34.
Nh5 Bg7 35. Bc5 Qf7 36. Qe3 b6 37. Bd6 Nd3 38. Nxg7 Kxg7 39. Nf3 Qd7 40. Bg3
Qe7 41. Bxd3 Bxd3 42. Ne5 Nxe5 43. Bxe5+ Kg8 44. Qf4 Qf7 45. Bf6 Qd7 46. Qe5
Kf7 47. Bg7 Kg8 48. Bh6 Bg6 49. h4 d4 50. h5 dxc3 51. hxg6 Qd1+ 52. Kf2 Qd2+
53. Kg3 Qd3+ 54. Kh4 Qxg6 55. Qb8+ 1-0

[Event "DVM U20w 2014"]
[Site "Naumburg (Saale) GER"]
[Date "2014.12.30"]
[Round "7"]
[White "Möller, Lisa-Marie"]
[Black "Henke, Hanna"]
[Result "1/2-1/2"]
[Termination "normal"]
[Board "3.3"]
[WhiteElo "1475"]
[BlackElo "1277"]
[WhiteTeam "SK Blauer Springer Paderborn"]
[BlackTeam "Karlsruher SF 1853"]
[PlyCount "112"]
[WhiteFideId "12959367"]
[BlackFideId "12964441"]
[EventCountry "GER"]
[EventRounds "7"]
[EventType "team-swiss"]
[EventDate "2014.12.26"]

1. e4 e5 2. Bc4 Nf6 3. d4 exd4 4. Nf3 d5 5. exd5 Bb4+ 6. Bd2 Nxd5 7. Qe2+ Be6
8. Bxb4 Nxb4 9. Bxe6 fxe6 10. Qxe6+ Qe7 11. Qxe7+ Kxe7 12. Nxd4 c5 13. Nf5+ Kf6
14. Ne3 N8c6 15. a3 Na6 16. O-O Nd4 17. Nc3 Rae8 18. Rfe1 Kf7 19. Rad1 Re6 20.
Ne2 Rd8 21. Nxd4 Rxd4 22. c3 Rde4 23. Rd7+ Re7 24. Rxe7+ Rxe7 25. Rd1 b5 26.
Kf1 c4 27. Rd4 Rc7 28. a4 bxa4 29. Rxc4 Rb7 30. Rxa4 Nc5 31. Rf4+ Kg8 32. b4
Na4 33. Rc4 Rd7 34. Ke2 Rd6 35. Rd4 Rc6 36. c4 a6 37. b5 axb5 38. Kd3 bxc4+ 39.
Nxc4 Nc5+ 40. Kc3 Rf6 41. f3 Rg6 42. Rd8+ Kf7 43. Ne5+ Ke7 44. Rc8 Na4+ 45. Kb4
Nb6 46. Nxg6+ hxg6 47. Rc7+ Nd7 48. g4 Kd6 49. Rc8 Ne5 50. Rf8 Ke7 51. Rc8 Nxf3
52. Rc7+ Kf6 53. Rc2 Kg5 54. h3 Kh4 55. Rc7 Kxh3 56. Rxg7 Kxg4 1/2-1/2

[Event "DVM U20w 2014"]
[Site "Naumburg (Saale) GER"]
[Date "2014.12.30"]
[Round "7"]
[White "Bykov, Ilona"]
[Black "Walow, Xenia"]
[Result "1/2-1/2"]
[Termination "normal"]
[Board "3.4"]
[WhiteElo "1117"]
[BlackElo "1445"]
[WhiteTeam "Karlsruher SF 1853"]
[BlackTeam "SK Blauer Springer Paderborn"]
[PlyCount "88"]
[WhiteFideId "12964433"]
[BlackFideId "12971839"]
[EventCountry "GER"]
[EventRounds "7"]
[EventType "team-swiss"]
[EventDate "2014.12.26"]

1. e4  c5 2. Nf3 d6 3. Bb5+ Bd7 4. Bxd7+ Nxd7 5. O-O g6 6. d4 Bg7 7. Be3 Qc7 8.
Nc3 e6 9. Re1 a6 10. Qd2 Ngf6 11. Rad1 O-O 12. Bh6 Rfd8 13. Bxg7 Kxg7 14. Qe3
e5 15. dxe5 dxe5 16. h3 b5 17. Nd5 Nxd5 18. Rxd5 f6 19. Red1 c4 20. Qa3 Kf7 21.
Rd6 a5 22. Qe3 Kg7 23. R1d5 b4 24. c3 b3 25. a3 a4 26. Nd2 Nb6 27. Rc5 Qxd6 28.
Rb5 Rab8 29. Kf1 Qd3+ 30. Qxd3 Rxd3 31. Ke1 g5 32. Rc5 Rbd8 33. Rc6 R8d6 34.
Rxd6 Rxd6 35. Nf1 Rd1+ 36. Kxd1 Kg6 37. Ne3 h6 38. Ke2 h5 39. Kf3 Kf7 40. Ke2
Kg6 41. Kf3 Kf7 42. Ke2 Kg7 43. Kf3 Kg6 44. Ke2 Kf7 1/2-1/2

[Event "DVM U20w 2014"]
[Site "Naumburg (Saale) GER"]
[Date "2014.12.30"]
[Round "7"]
[White "Hund, Sarah"]
[Black "Reck, Jessica"]
[Result "1-0"]
[Termination "normal"]
[Board "4.1"]
[WhiteElo "1809"]
[BlackElo "1638"]
[WhiteTeam "SK Freiburg Zähringen"]
[BlackTeam "Leegebrucher Schachfreunde"]
[PlyCount "109"]
[WhiteFideId "12923338"]
[BlackFideId "12917931"]
[EventCountry "GER"]
[EventRounds "7"]
[EventType "team-swiss"]
[EventDate "2014.12.26"]

1. e4 g6 2. d4 Bg7 3. Nc3 c6 4. Be3 d6 5. Bc4 Nf6 6. f3 O-O 7. Nge2 Nbd7 8. Qd2
b5 9. Bd3 a6 10. Ng3 e5 11. Nce2 Bb7 12. Bh6 Qb6 13. c3 c5 14. Bxg7 Kxg7 15.
Bc2 Rac8 16. Bb3 Rc7 17. h4 h5 18. d5 c4 19. Bc2 Nc5 20. Nf5+ gxf5 21. Qg5+ Kh7
22. Qxf5+ Kg7 23. Qg5+ Kh7 24. Qxf6 Bc8 25. Qg5 f6 26. Qxh5+ Kg8 27. Qh6 Rg7
28. g4 Nd3+ 29. Bxd3 cxd3 30. Ng3 Rh7 31. Qd2 Qd8 32. O-O-O b4 33. c4 Qa5 34.
b3 Rhf7 35. Kb1 Qa3 36. Qb2 Qa5 37. Rxd3 Qc5 38. Qe2 a5 39. Qe3 Qc7 40. h5 Bd7
41. Rc1 a4 42. Nf5 Bxf5 43. exf5 axb3 44. Rxb3 Qa5 45. Rc2 Ra7 46. Rcb2 Rb8 47.
Qe1 Rc7 48. Qc1 Qc5 49. Rc2 Qd4 50. g5 Rg7 51. g6 Qf4 52. Qxf4 exf4 53. c5 dxc5
54. Rxc5 Rgb7 55. Rc4 1-0

[Event "DVM U20w 2014"]
[Site "Naumburg (Saale) GER"]
[Date "2014.12.30"]
[Round "7"]
[White "Wolff, Marie Antoinette"]
[Black "Denz, Annika"]
[Result "1/2-1/2"]
[Termination "normal"]
[Board "4.2"]
[WhiteElo "1651"]
[BlackElo "1500"]
[WhiteTeam "Leegebrucher Schachfreunde"]
[BlackTeam "SK Freiburg Zähringen"]
[PlyCount "93"]
[WhiteFideId "12908258"]
[BlackFideId "12922935"]
[EventCountry "GER"]
[EventRounds "7"]
[EventType "team-swiss"]
[EventDate "2014.12.26"]

1. c4 e5 2. Nc3 Nc6 3. g3 Nf6 4. Bg2 Bc5 5. Nf3 O-O 6. O-O d6 7. d3 h6 8. a3 a6
9. b4 Ba7 10. Bb2 Bg4 11. Qc1 Nd4 12. Qd1 Re8 13. Nxd4 exd4 14. Ne4 Nxe4 15.
dxe4 Qd7 16. Bxd4 Bxd4 17. Qxd4 Bxe2 18. Rfe1 Bg4 19. e5 Rxe5 20. Rxe5 dxe5 21.
Qxd7 Bxd7 22. Bxb7 Ra7 23. Bg2 c6 24. Re1 f6 25. Rd1 Kf7 26. Rd6 Ke7 27. c5 a5
28. bxa5 Rxa5 29. Bxc6 Bxc6 30. Rxc6 Kd7 31. Rb6 Kc7 32. Rb3 Rxc5 33. a4 Rc1+
34. Kg2 Ra1 35. Rb4 Kc6 36. Rc4+ Kd6 37. g4 g6 38. h3 Ra3 39. Rb4 Ke7 40. h4 h5
41. g5 f5 42. f3 Kd6 43. Kf2 Ra2+ 44. Ke3 Ra1 45. Ke2 Ra2+ 46. Ke3 f4+ 47. Kd3
1/2-1/2

[Event "DVM U20w 2014"]
[Site "Naumburg (Saale) GER"]
[Date "2014.12.30"]
[Round "7"]
[White "Bajorski, Maria Sophie"]
[Black "Sauer, Annika"]
[Result "1/2-1/2"]
[Termination "normal"]
[Board "4.3"]
[WhiteElo "1511"]
[BlackElo "1582"]
[WhiteTeam "SK Freiburg Zähringen"]
[BlackTeam "Leegebrucher Schachfreunde"]
[PlyCount "62"]
[WhiteFideId "24654531"]
[BlackFideId "12952052"]
[EventCountry "GER"]
[EventRounds "7"]
[EventType "team-swiss"]
[EventDate "2014.12.26"]

1. e4  d5  2. exd5 Qxd5 3. Nc3 Qa5 4. d4 c6 5. Bc4 Bf5 6. Bd2 e6 7. a3 Qc7 8.
Nf3 Bd6 9. h3 Ne7 10. Bb3 Nd7 11. Qe2 O-O-O 12. O-O-O h6 13. Rhe1 Nf6 14. Ne5
Bxe5 15. Qxe5 Qxe5 16. dxe5 Nfd5 17. f4 Nxc3 18. Bxc3 Nd5 19. Bxd5 Rxd5 20.
Rxd5 cxd5 21. Bd4 b6 22. Re3 Kb7 23. Rc3 Rc8 24. Rxc8 Kxc8 25. Kd2 h5 26. h4
Kc7 27. g3 a6 28. Kc3 Kc6 29. Kb3 Bg4 30. c3 Bd1+ 31. Ka2 b5 1/2-1/2

[Event "DVM U20w 2014"]
[Site "Naumburg (Saale) GER"]
[Date "2014.12.30"]
[Round "7"]
[White "Wagner, Swenja"]
[Black "Antusch, Isabella"]
[Result "1-0"]
[Termination "normal"]
[Board "4.4"]
[WhiteElo "1588"]
[BlackElo "1235"]
[WhiteTeam "Leegebrucher Schachfreunde"]
[BlackTeam "SK Freiburg Zähringen"]
[PlyCount "55"]
[WhiteFideId "12900494"]
[BlackFideId "12963941"]
[EventCountry "GER"]
[EventRounds "7"]
[EventType "team-swiss"]
[EventDate "2014.12.26"]

1. e4 c5 2. Nf3 Nc6 3. d4 cxd4 4. Nxd4 Nf6 5. Nc3 e5 6. Nb3 d6 7. Bg5 Be6 8.
Nd5 Be7 9. Nxe7 Qxe7 10. f3 O-O-O 11. Bd3 d5 12. Qe2 d4 13. O-O h6 14. Bxf6
Qxf6 15. Rac1 Kb8 16. Nc5 Bc8 17. c3 Qe7 18. Nb3 h5 19. cxd4 Nxd4 20. Nxd4 Rxd4
21. Rc3 g6 22. Rfc1 Rhd8 23. Qc2 Qf8 24. Qb3 Be6 25. Qc2 Rc8 26. b3 Rxc3 27.
Qxc3 Qa3 28. Qc7+ 1-0

[Event "DVM U20w 2014"]
[Site "Naumburg (Saale) GER"]
[Date "2014.12.30"]
[Round "7"]
[White "Wilke, Tabea"]
[Black "Baumann, Eva"]
[Result "1/2-1/2"]
[Termination "normal"]
[Board "5.1"]
[WhiteElo "1722"]
[BlackElo "1608"]
[WhiteTeam "SC 1979 Hattersheim"]
[BlackTeam "SK Münster"]
[PlyCount "94"]
[WhiteFideId "12910015"]
[BlackFideId "12998788"]
[EventCountry "GER"]
[EventRounds "7"]
[EventType "team-swiss"]
[EventDate "2014.12.26"]

1. e4  e5 2. Nf3 Nc6 3. Bb5 a6 4. Ba4 Nf6 5. d3 d6 6. c3 Be7 7. O-O O-O 8. Re1
b5 9. Bc2 Bg4 10. Nbd2 Re8 11. Nf1 Na7 12. h3 Be6 13. d4 exd4 14. cxd4 c5 15.
d5 Bd7 16. Ng3 Bf8 17. Bf4 Qb6 18. Ng5 h6 19. Nf3 a5 20. Qd2 Nc8 21. b3 Ne7 22.
Be3 Qc7 23. Rac1 Rec8 24. Bd3 Qb8 25. Qb2 Ne8 26. Qe2 Ng6 27. Nh5 a4 28. Nf4
Nxf4 29. Bxf4 Nf6 30. Qb2 Ne8 31. Nd2 g6 32. Nf3 Bg7 33. Qd2 Kh7 34. e5 dxe5
35. Bxe5 Qb6 36. Qf4 f6 37. Bb2 axb3 38. axb3 Qc7 39. Qxc7 Rxc7 40. Nh4 f5 41.
Bxg7 Nxg7 42. d6 Rc6 43. Bxb5 Rxd6 44. Bxd7 Rxd7 45. Rxc5 Rb8 46. Rb1 Rd3 47.
b4 Rd4 1/2-1/2

[Event "DVM U20w 2014"]
[Site "Naumburg (Saale) GER"]
[Date "2014.12.30"]
[Round "7"]
[White "van Lindt, Chiara"]
[Black "Rosmanitz, Anna"]
[Result "1/2-1/2"]
[Termination "normal"]
[Board "5.2"]
[WhiteElo "1507"]
[BlackElo "1601"]
[WhiteTeam "SK Münster"]
[BlackTeam "SC 1979 Hattersheim"]
[PlyCount "97"]
[WhiteFideId "12966762"]
[BlackFideId "12910058"]
[EventCountry "GER"]
[EventRounds "7"]
[EventType "team-swiss"]
[EventDate "2014.12.26"]

1. Nf3 d5 2. g3 Nf6 3. Bg2 c6 4. O-O Bg4 5. d3 Nbd7 6. Nc3 e5 7. Bg5 Be7 8. Rb1
O-O 9. Re1 Re8 10. Qc1 Bxf3 11. Bxf3 Nf8 12. Bg2 Ne6 13. a3 Nxg5 14. Qxg5 Nd7
15. Qd2 Bg5 16. Qd1 h5 17. e4 d4 18. Na2 Nf6 19. Qf3 Re6 20. b4 Ng4 21. Rf1 Rf6
22. Qe2 Rg6 23. Bf3 Nf6 24. Bxh5 Nxh5 25. Qxh5 Rh6 26. Qg4 Rg6 27. Qf5 Bf6 28.
f4 exf4 29. Qxf4 Qe7 30. Rbe1 Bg5 31. Qf3 Qe6 32. Nc1 Rf6 33. Qg2 Be3+ 34. Kh1
Rg6 35. Nb3 b6 36. Rf5 f6 37. Ref1 Kh7 38. Rh5+ Kg8 39. Qh3 Qxh3 40. Rxh3 Re8
41. Rf5 Re5 42. Rhh5 Re6 43. Kg2 Rg4 44. Kf3 Rgxe4 45. dxe4 g6 46. Rd5 cxd5 47.
Rxd5 Rc6 48. Nxd4 Rc3 49. Rd8+ 1/2-1/2

[Event "DVM U20w 2014"]
[Site "Naumburg (Saale) GER"]
[Date "2014.12.30"]
[Round "7"]
[White "Neisius, Laura"]
[Black "Henke, Jennifer"]
[Result "1-0"]
[Termination "normal"]
[Board "5.3"]
[WhiteElo "1372"]
[BlackElo "1483"]
[WhiteTeam "SC 1979 Hattersheim"]
[BlackTeam "SK Münster"]
[PlyCount "67"]
[WhiteFideId "12910040"]
[BlackFideId "12998850"]
[EventCountry "GER"]
[EventRounds "7"]
[EventType "team-swiss"]
[EventDate "2014.12.26"]

1. e4 e6 2. d4 d5 3. e5 c5 4. Nf3 Nc6 5. c3 Bd7 6. a3 Be7 7. Be2 Qb6 8. b4 c4
9. Bg5 f6 10. Bf4 Bd8 11. exf6 Nxf6 12. Ng5 Bc7 13. Be3 Rf8 14. Bg4 Ne7 15. O-O
O-O-O 16. Bh3 Qd6 17. f4 h6 18. Nf3 Ng6 19. Ne5 Nh8 20. Ra2 Ne4 21. Qg4 g6 22.
g3 Rf6 23. Bg2 Rdf8 24. Nxc4 Qa6 25. Ncd2 Nxd2 26. Rxd2 Bb5 27. Re1 Bd3 28.
Bxd5 Bf5 29. Qf3 exd5 30. Qxd5 Bxb1 31. Rxb1 Qxa3 32. Ra2 Qxc3 33. Qe4 Bb6 34.
Rc1 1-0